The 108 Stars of Destiny of Suikoden IV by Picture - Statistics

General Stats
  • This quiz has been taken 5 times
  • The average score is 69 of 108
Answer Stats
Picture Answer % Correct
Adrienne
100%
Agnes
100%
Akaghi
80%
Aldo
80%
Cedric
80%
Charlemagne
80%
Chiepoo
80%
Elenor Silverberg
80%
Flare
80%
Funghi
80%
Helga
80%
Helmut
80%
Hervey
80%
Jeane
80%
Jewel
80%
Keneth
80%
Kevin
80%
Kika
80%
Lazlo
80%
Lilan
80%
Lilen
80%
Lilin
80%
Lilon
80%
Liloon
80%
Lino En Kuldes
80%
Maxine
80%
Millay
80%
Mizuki
80%
Nico
80%
Pam
80%
Paula
80%
Rakgi
80%
Ramada
80%
Rene
80%
Rikie
80%
Rita
80%
Schtolteheim Reinbach III
80%
Snowe Vingerhut
80%
Tal
80%
Tanya
80%
Ted
80%
Trishtan
80%
Viki
80%
Warlock
80%
Wendel
80%
Ameria
60%
Axel
60%
Bang
60%
Bartholomew
60%
Carrie
60%
Chadli
60%
Champo
60%
Dario
60%
Deborah
60%
Ema
60%
Etienne
60%
Eugene
60%
Frederica
60%
Gary
60%
Gau
60%
Gretchen
60%
Gunter
60%
Izak
60%
Jeremy
60%
Karl
60%
Katarina Cott
60%
Kate
60%
Keen
60%
Lo Hak
60%
Louise
60%
Mao
60%
Micky
60%
Mitsuba
60%
Nabokov
60%
Nalleo
60%
Nao
60%
Oleg
60%
Ornan
60%
Pablo
60%
Perrault
60%
Rachel
60%
Selma
60%
Shiramine
60%
Sigurd
60%
Tov
60%
Travis
60%
Ugetsu
60%
Brec
40%
Desmond
40%
Haruto
40%
Igor
40%
Jango
40%
Konrad
40%
Lo Fong
40%
Lo Seng
40%
Nalkul
40%
Nataly
40%
Noah
40%
Oskar
40%
Phil
40%
Reinhold
40%
Setsu
40%
Taisuke
40%
Yu
40%
Basil
20%
Gareth
20%
Manu
20%
Pecola
20%
No matching quizzes found
Score Distribution
Percent of People with Each Score
Percentile by Number Answered
Your Score History
You have not taken this quiz